UK - All answers begin with C - Statistics

General Stats
  • This quiz has been taken 31 times
  • The average score is 10 of 20
Answer Stats
Hint Answer % Correct
Welsh capital Cardiff
100%
Location of Cathedral in which Thomas Beckett was murdered Canterbury
89%
River flowing through Cambridge Cam
86%
Midlands city blitzed by the Luftwaffe in 1940 Coventry
79%
Glasgow's river Clyde
71%
Historic county in the SW Cornwall
71%
Beverage for which Somerset is famed Cider
64%
NW county, site of the Lake District National Park Cumbria
64%
Town in N Kent with historic dockyard Chatham
46%
Derbyshire town noted for its church with a crooked spire Chesterfield
46%
Island town and site of the World's oldest yachting regatta Cowes
43%
UK-owned archipelago in the Caribbean Cayman Islands
39%
Range of hills mainly in Oxfordshire and Gloucestershire Cotswolds
39%
Railway junction town in Cheshire Crewe
39%
Mountainous National Park in E Scotland Cairngorms
36%
Limestone valley near Bristol Cheddar Gorge
36%
Waterway crossing Scotland through the Great Glen Caledonian Canal
21%
Archipelago in the Indian Ocean including Diego Garcia Chagos
21%
Town with castle on the Menai strait Caernarfon
18%
London station and terminal for the N Kent line Charing Cross
18%
No matching quizzes found
Score Distribution
Percent of People with Each Score
Percentile by Number Answered
Your Score History
You have not taken this quiz